000 00509nam a2200193Ia 4500
999 _c32252
_d32252
003 OSt
005 20200728130409.0
008 190216s9999||||xx |||||||||||||| ||und||
020 _a9780534274160
040 _coclc
082 _a515
_bSTE/C
100 _aStewart, James
_93827
245 0 _aCalculus /
_cJames Stewart
250 _a5th Ed.
260 _bThomson Books/Cole,
_c2003.
_aUSA:
300 _a1216p
650 _aMathematics
942 _cBK
_2ddc
_h515
_iSTE/C
_k515
_mSTE/C